书目信息 |
| 题名: |
悲剧心理学
|
|
| 作者: | 朱光潜 著 | |
| 分册: | ||
| 出版信息: | 合肥 安徽教育出版社 1996.6 |
|
| 页数: | 338页 | |
| 开本: | 32开 | |
| 丛书名: | ||
| 单 册: | ||
| 中图分类: | I0-05 | |
| 科图分类: | ||
| 主题词: | 文学理论 | |
| 电子资源: | ||
| ISBN: | 7-5336-0254-4 | |
| 000 | 00546nam0 2200205 45 | |
| 001 | 0010261463 | |
| 005 | 20031219104046.9 | |
| 010 | @a7-5336-0254-4@dCNY13.80 | |
| 100 | @a20001026d1996 km y0chiy0120 ea | |
| 101 | 0 | @achi |
| 105 | @a z 000yy | |
| 200 | 1 | @a悲剧心理学@ABei Ju Xin Li Xue@f朱光潜著@FZhu Guang Qian Zhu |
| 205 | @a2版 | |
| 210 | @a合肥@c安徽教育出版社@d1996.6 | |
| 215 | @a338页@d32开 | |
| 606 | 0 | @a文学理论 |
| 690 | @aI0-05@v2 | |
| 701 | 0 | @a朱光潜@4著 |
| 801 | @aCN@bTSTC@c20001026 | |
| 905 | @b291923-927@dI0-05@e200=2@f5 | |
| 悲剧心理学/朱光潜著.-2版.-合肥:安徽教育出版社,1996.6 |
| 338页;32开 |
| ISBN 7-5336-0254-4:CNY13.80 |
| ● |
| 相关链接 |
|
|
|
|
正题名:悲剧心理学
索取号:I0-05/200=2
 
预约/预借
| 序号 | 登录号 | 条形码 | 馆藏地/架位号 | 状态 | 备注 |
| 1 | 0291923 | 002919239 | 第二借阅区/ [索取号:I0-05/200=2] | 在馆 | |
| 2 | 0291924 | 002919248 | 第二借阅区/ [索取号:I0-05/200=2] | 在馆 | |
| 3 | 0291925 | 002919257 | 第二借阅区/ [索取号:I0-05/200=2] | 在馆 | |
| 4 | 0291926 | 002919266 | 第二借阅区/ [索取号:I0-05/200=2] | 在馆 | |
| 5 | 0291927 | 002919275 | 第一样本阅览室/ [索取号:I0-05/200=2] | 在馆 |